Programmer productivity : (Record no. 176570)
[ view plain ]
| 000 -LEADER | |
|---|---|
| fixed length control field | 01778 a2200193 4500 |
| 003 - CONTROL NUMBER IDENTIFIER | |
| control field | Nust |
| 005 - DATE AND TIME OF LATEST TRANSACTION | |
| control field | 20230512120540.0 |
| 010 ## - LIBRARY OF CONGRESS CONTROL NUMBER | |
| LC control number | 83016081 |
| 020 ## - INTERNATIONAL STANDARD BOOK NUMBER | |
| International Standard Book Number | 0835956504 : |
| 040 ## - CATALOGING SOURCE | |
| Transcribing agency | Nust |
| 082 00 - DEWEY DECIMAL CLASSIFICATION NUMBER | |
| Classification number | 001.6420683,PAR |
| 100 1# - MAIN ENTRY--PERSONAL NAME | |
| Personal name | Parikh, Girish, |
| 9 (RLIN) | 112259 |
| 245 10 - TITLE STATEMENT | |
| Title | Programmer productivity : |
| Remainder of title | achieving an urgent priority / |
| Statement of responsibility, etc. | Girish Parikh. |
| 260 ## - PUBLICATION, DISTRIBUTION, ETC. | |
| Place of publication, distribution, etc. | Reston, Va. : |
| Name of publisher, distributor, etc. | Reston Pub. Co., |
| Date of publication, distribution, etc. | c1984. |
| 300 ## - PHYSICAL DESCRIPTION | |
| Extent | xvi, 235 p. : |
| Other physical details | ill. ; |
| Dimensions | 24 cm. |
| 505 ## - FORMATTED CONTENTS NOTE | |
| Formatted contents note | Improved Maintenance Techniques how to use Structured Techniques in Maintenance (Page-7), How to Make the Most of HIPO (Page-24), A Powerful Structured Tool: The Warnier/ Orr Diagram (Page-49), How to Increase COBOL Programming Productivity Using a Preprocessor (Page-68), How to Document Program Changes and Enhancements Internally (Page-84), How to Make the Most of Top-Down Development (Page-92), Techniques of Measuring Programmer Productivity (Page-110), Software Tools and Programmer Productivity (Page-123), How to Be Egoless (Page-127), The Three Ts for Increasing Programmer Productivity: Techniques Tools And Training (Page-134), Productivity Improvement through the Use of Software Tools (Page-137), Automated Auditors Aid Maintenance (Page-145), How to Pick a Winner (Page-151), Unpaid Overtime: An Impediment to Increasing Programmer Productivity (Page-162), Programmer Productivity Tips (Page-166), Logical Retrofit for Enhancing Maintenance Programming (Page-184), Maintaining / Enhancing Applications Software Packages Productivity (Page-190), The Missing Link in DP Training Software Maintenance (Page-196), Are you an Illiterate Programmer (Page-230), Are you an Illiterate Programming Manager (Page-207). |
| 650 #0 - SUBJECT ADDED ENTRY--TOPICAL TERM | |
| Topical term or geographic name entry element | Computer programming |
| General subdivision | Labor productivity. |
| 9 (RLIN) | 112260 |
| 942 ## - ADDED ENTRY ELEMENTS (KOHA) | |
| Source of classification or shelving scheme | |
| Koha item type | Book |
| Withdrawn status | Lost status | Source of classification or shelving scheme | Damaged status | Not for loan | Permanent Location | Current Location | Shelving location | Date acquired | Full call number | Barcode | Date last seen | Price effective from | Koha item type | Public note |
|---|---|---|---|---|---|---|---|---|---|---|---|---|---|---|
| Military College of Signals (MCS) | Military College of Signals (MCS) | General Stacks | 12/12/2016 | 001.6420683,PAR | MCS1811 | 12/08/2016 | 12/12/2016 | Book | Almirah No.79, Shelf No.1 |
